Biologicky aktivní peptidy ... : vědecká konference ...
| Korporativní autor: | Ústav organické chemie a biochemie (Akademie věd ČR) |
|---|---|
| Další autoři: | Biologicky aktivní peptidy (konference), Ústav organické chemie a biochemie (Československá akademie věd) |
| Jazyk: | Slovenština Čeština Angličtina |
| Vydáno: |
Praha : Ústav organické chemie a biochemie ČSAV, [1989]-^^^^^^^^ |
| Témata: | |
| Fyzický popis: |
^^^sv. ; 21 cm |
| Odebírané ročníky: |
1997- |
| Odebírané svazky: |
5- |
| LEADER | 01561nas a22003492a 4500 | ||
|---|---|---|---|
| 001 | 000180405 | ||
| 003 | CZ BrMZK | ||
| 005 | 20080714122446.0 | ||
| 007 | ta | ||
| 008 | 010907c19899999xr gr p 0cze d | ||
| 020 | |a 80-86241-18-1 |q (2002) | ||
| 040 | |a BOA001 |b cze | ||
| 041 | 1 | |a cze |a slo |a eng | |
| 080 | |a 577.112(063) |2 MRF | ||
| 111 | 2 | |a Biologicky aktivní peptidy (konference) |7 ko2006341868 | |
| 245 | 1 | 0 | |a Biologicky aktivní peptidy ... : |b vědecká konference ... |
| 260 | |a Praha : |b Ústav organické chemie a biochemie ČSAV, |c [1989]-^^^^^^^^ | ||
| 300 | |a ^^^sv. ; |c 21 cm | ||
| 310 | |a 1x za 2 roky | ||
| 500 | |a Jednotlivé sv. mají svá č. ISBN | ||
| 541 | |c pv-r | ||
| 653 | 0 | |a biologicky aktivní peptidy |a peptidy | |
| 710 | 2 | |a Ústav organické chemie a biochemie (Akademie věd ČR) |7 kn20030723009 | |
| 710 | 2 | |a Ústav organické chemie a biochemie (Československá akademie věd) |7 ko2005264380 | |
| 910 | |a BOA001 |b 2-1032.970 |r 1997- |s 5- | ||
| 964 | |a Peptidy |x účinky biologické |x sborníky | ||
| 990 | |a SE | ||
| 991 | |b 200807 | ||
| 996 | 6 | |b 2610052314 |c 2-1032.970 |d 1997 5 |v 5 |y 1997 |l MZK |r Sklad / do 1 hodiny |n 0 |w 000180405 |u 000010 |a 1 |e BOA001 |j MZK50 |s P | |
| 996 | 6 | |b 2610091851 |c 2-1032.970 |d 1999 6 |v 6 |y 1999 |l MZK |r Sklad / do 1 hodiny |n 0 |w 000180405 |u 000020 |a 1 |e BOA001 |j MZK50 |s P | |
| 996 | 6 | |b 2610135974 |c 2-1032.970 |d 2001 7 |v 7 |y 2001 |l MZK |r Sklad / do 1 hodiny |n 0 |p p.v. |w 000180405 |u 000030 |a 1 |e BOA001 |j MZK50 |s P | |
| 996 | 6 | |b 2610190184 |c 2-1032.970 |d 2003 8 |v 8 |y 2002 |l MZK |r Sklad / do 1 hodiny |n 1 |p p.v. |w 000180405 |u 000040 |a 1 |e BOA001 |j MZK50 |s P | |
English
Čeština 